• 首页
  • 本馆介绍
  • 公告通知
  • 最新文献
  • 馆藏检索
  • 电子资源
  • 读者导购
  • 参考咨询
  • 我的图书馆
  • 登录
  • 详细信息显示
  • 放入我的书架
  • 预约/预借图书
  • 作者相关作品
  • 分类相关作品
  • 丛书相关作品
  • 出版社相关作品

书目信息

  • 表格格式
  • 工作单格式
  • 卡片格式
题名:
甲状腺病外科治疗
    
 
作者: ;上海第二医学院附属瑞金医院外科 编
分册:  
出版信息: 上海   上海科学技术出版社  1979
页数: 160页
开本: 19cm
丛书名:
单 册:
中图分类: R653
科图分类:
主题词: 甲状腺疾病-外科手术 , 外科手术-甲状腺疾病
电子资源:
ISBN:
000 00713nam0 2200229 45
001 0179003020
005 20060808165616.71
010    @dCNY0.44
091    @b14119.1374
100    @a19951204d1979 em y0chiy0121 ea
101 0  @achi
102    @aCN@b310000
105    @ay z 000yy
200 10 @a甲状腺病外科治疗@Ajia zhuang xian bing wai ke zhi liao@f上海第二医学院附属瑞金医院外科编
210    @a上海@c上海科学技术出版社@d1979
215    @a160页@d19cm
606    @a甲状腺疾病-外科手术
606    @a外科手术-甲状腺疾病
690    @aR653@v3
711 02 @a上海第二医学院附属瑞金医院外科@Ashang hai di er yi xue yuan fu shu rui jin yi yuan wai ke@4编
801  0 @aCN@bTSSF@c20060808
905    @a10447@dR653@e27
    
    甲状腺病外科治疗/上海第二医学院附属瑞金医院外科编.-上海:上海科学技术出版社,1979
    160页;19cm
    
    
    ISBN :CNY0.44
    
●
相关链接 在E读中查询图书 在五车中查询图书 在当当中查询图书 在豆瓣中查询图书


正题名:甲状腺病外科治疗     索取号:R653/27         预约/预借

序号 登录号 条形码 馆藏地/架位号 状态 备注
1 0451770   204517709   密集书库/ [索取号:R653/27] 在馆    
唐山师范学院图书馆 欢迎您!
大连网信软件有限公司© 版权所有